000 00538nam a2200193 a 4500
001 1768898038313
003 YourLibrary
005 20260120141625.0
008 260120s2008##################000#0#eng##
020 _a9781433102448
082 0 4 _a303.4833
_bGAJ.36
100 1 _aGajjala, Radhika,
_eauthor.
245 1 0 _aSouth Asian Technospaces :
260 _bPeter Lang Incorporated, International Academic Publishers,
_c2008.
300 _a328 pages
650 0 _aArt.
942 _cENGLISH
040 _aYourLibrary
_beng
_cYourLibrary
999 _c608747
_d608747